000 00689nam a2200193Ia 4500
008 151121s9999||||xx |||||||||||||| ||und||
082 _a813/शिरव
082 _bHNW-115147
100 _aशिरवळकर सुहास
245 _aचूक भूल देणे घेणे
260 _b"दिलीपराज प्रकाशन प्रा। लि।, पुणे।"
260 _c2008
300 _a92
600 _aशिरवळकर सुहास
630 _aचूक भूल देणे घेणे
700 _aशिरवळकर सुहास
730 _aचूक भूल देणे घेणे
942 _cBOOK
999 _c1263885
_d1263882